MDQL
is popping MORE tags! Check the
thread
!
Quizzes
Events
Quiz Creation
Community
Videos
Private Events
Remove Ads
Sign In
Join for FREE
Feedback
Dark Mode
Quiz Categories
Sports
Geography
Music
Movies
Television
Just For Fun
Miscellaneous
History
Literature
Language
Science
Gaming
Entertainment
Religion
Holiday
For Kids
Quiz Lab
Recent
Popular Today
Quiz Kudos Today
Editor Picks
Curator Picks
Quizzes by...
Day
Popularity
Type
Ratings
Length
Year
Community
Subscriptions
Recent Discussions
Orange Saloon
Badges
Playlists
Quests
Create
Leaderboards
Showdown
Live 5
Trivia Bingo
Activity
Puzzle Library
Sporcle Events
Private Events
Virtual Trivia
Globe League
Become a Host
Pub Owners
SporcleCon
Opinionation
Our Games
Videos
Blog
Mobile Apps
Partnerships
Remove Ads and Go Orange
Feedback
Just For Fun
Clickable
Get the Picture
Humor
Quick Pick
Word Ladder
Missing Word
Mixed Word
Blitz
Minefield
This or That
Alphabet
Color
Typing
Sporcle
Puzzle
Word Play
Follow That Line
Logic
Just For Fun
Clickable
Get the Picture
Humor
Quick Pick
Word Ladder
Missing Word
Mixed Word
Blitz
Minefield
This or That
Alphabet
Color
Typing
Sporcle
Puzzle
Word Play
Follow That Line
Logic
Random Quiz
Search Sporcle
×
Quiz Lab
Quiz Lab
Just For Fun
Minecraft
Type in answers that appear in a list
Type in answers that appear in a list
Classic
Best Score? Go Orange.
100 things in MINECRAFT Stats
Can you name the 100 things in minecraft???
By
Evilestzombie
10m
100 Questions
24 Plays
24 Plays
24 Plays
Comments
Comments
Give Quiz Kudos
Give Quiz Kudos
-
- Ratings
hide this ad
Replay
Link that replays current quiz
Next Quiz
Link to next quiz in quiz playlist
You Got
0%
They Got
Avg Score
15%
Avg Friend Score
Upgrade to see
Score Distribution
Jump to the score distribution portion of the page
Score
0/100
Timer
10:00
0
Plays Today
100 things in minecraft
% Correct
zombie
54.2%
creeper
45.8%
diamond
45.8%
wood
45.8%
dirt
41.7%
grass
41.7%
stone
41.7%
iron
41.7%
gold
41.7%
skeleton
37.5%
enderman
37.5%
redstone
37.5%
sword
33.3%
water
33.3%
ghast
29.2%
cobblestone
29.2%
lava
29.2%
slime
25%
pickaxe
25%
hoe
25%
furnace
25%
chest
25%
bedrock
25%
sand
25%
spider
20.8%
silverfish
20.8%
blaze
20.8%
enderdragon
20.8%
axe
20.8%
shovel
20.8%
leaves
20.8%
steve
20.8%
minecart
20.8%
piston
16.7%
100 things in minecraft
% Correct
obsidian
16.7%
crafting table
16.7%
coal
16.7%
netherrack
16.7%
wool
16.7%
boat
16.7%
bow
16.7%
glass
16.7%
diamond ore
12.5%
redstone ore
12.5%
TNT
12.5%
air
12.5%
fire
12.5%
fence
12.5%
gravel
12.5%
sticks
12.5%
arrow
12.5%
rail
12.5%
bucket
12.5%
brewing stand
12.5%
snow
12.5%
glowstone
8.3%
torch
8.3%
enchantment table
8.3%
iron ore
8.3%
iron ore
8.3%
iron block
8.3%
gold ore
8.3%
gold block
8.3%
redstone torch
8.3%
planks
8.3%
coal ore
8.3%
netherbrick
8.3%
pumpkin
8.3%
100 things in minecraft
% Correct
melon
8.3%
herobrine
8.3%
nether portal
8.3%
end portal
8.3%
flower
8.3%
mushroom
8.3%
fire slime
4.2%
sticky piston
4.2%
iron golem
4.2%
redstone repeater
4.2%
endstone
4.2%
wheat
4.2%
farmland
4.2%
dye
4.2%
powerrail
4.2%
detector rail
4.2%
cauldron
4.2%
rain
4.2%
rose
4.2%
diamond block\
0%
void
0%
redstone lamp
0%
netherfence
0%
stem
0%
painting
0%
spider jokey
0%
lava bucket
0%
water bucket
0%
glass bottle
0%
water bottle
0%
end portal block
0%
mud
0%
Quiz Playlist
Details
Report
Send in Message
Add To Playlist
Classic:
Type in answers that appear in a list
Last Updated: Feb 16, 2017
Quiz Scoreboard
CHALLENGE
Sign Up to Join the Scoreboard
Show All
Scores
Hide
Comments
May contain spoilers
Recently Published
Colored Red Africa Blitz
by spor1
Geography
30s
Find the 'City' Movie
by crazypaving
Movies
60s
5x2 Blitz: Bands
by SL_Kpop136
Music
30s
More to Explore
Quiz From the Vault
Featured Blog Post
14 Easter Pick-up Lines to Find Eggs With
hide this ad
You Might Also Like...
Tags
Clickable Quiz
Minecraft Quiz
Today's Top Quizzes in Just For Fun
Browse Just For Fun
hide this ad
Today's Top Quizzes in Minecraft
Browse Minecraft
Top Contributed Quizzes in Just For Fun
1
Name Just One - 10 to 1: Just For Fun
2
Survivor Winners Logic Puzzle
3
Missing Word: 2-Letter A-Z II
4
Avatar the Last Airbender: Logic Puzzle
5
Shadowhunters Protagonists Logic Quiz
6
Quick 5-Color Logic (18)
7
Medium Renzoku Puzzle 11
8
Ultimate Minefield Blitz VIII
9
Ice Cream Logic Puzzle
10
Ultimate Minefield Blitz XXVIII
Explore More
Trending Topics
Marvel
Kpop
Crossword
NBA
Disney
Harry Potter
Anime
Song
Puzzle
The Office
WWE
Soccer
Pokémon
NFL
Country
hide this ad
More By:
Evilestzombie
Quiz
Plays
Rating
Category
Featured
Created
MInecraft blocks
40
Just For Fun
Apr 21, 2012
100 things in MINECRAFT
24
1.00
Just For Fun
Apr 22, 2012
Go to Creator's Profile
Score Distribution
Quiz Creator Spotlight
Evilestzombie
Follow
Send a Message
Quizzes Created
-
Created Quiz Play Count
-
More By This Creator
Popular Quizzes Today
1
Find the 'City' Movie
2
5x2 Blitz: Bands
3
Colored Red Africa Blitz
4
Find the US States - No Outlines Minefield
5
The Countries of the World
6
Find the US States
7
9x9 Crossword: Cartoon Network
8
US States
More Just For Fun Quizzes
Quick Pick: Boston Virtual Visit
Published
Trending Quizzes
Colored Red Europe Blitz I
Colored Red Africa Blitz II
Colored Red Africa Blitz III
Colored Red Europe Blitz III
Colored Red Europe Blitz II
Recently Updated
Champions League XIs: Real Madrid
pecheneg
Largest US Cities 1790-2010
pecheneg
Rides in Walt Disney World
pecheneg
Most Oscar Losses (Acting)
pecheneg
Beyoncé Albums
pecheneg
Leaping Animals
pecheneg
Reality TV Shows (A-Z)
bhenderson79
Rickey Henderson's Hall of Fame Teammates
pecheneg
Champions League XIs: Arsenal
pecheneg
Quick Pick: Celebrities in WWE's Hall of Fame
aduchscher
Trending Topics
NBA
Marvel
Disney
Kpop
Anime
Harry Potter
Crossword
Pokémon
Country
NFL
WWE
The Office
Puzzle
Soccer
Song
Your Account Isn't Verified!
In order to create a playlist on Sporcle, you need to verify the email address you used during registration. Go to your
Sporcle Settings
to finish the process.
Report this User
Report this user for behavior that violates our
Community Guidelines
.
Details:
Send Report
Go to the Sporcle.com Mobile Site →
Comments